Name All Current Armed Conflicts - Statistics

General Stats
  • This quiz has been taken 135 times
  • The average score is 21 of 56
Answer Stats
Hint Answer % Correct
2011- Syrian Civil War
90%
2003- Iraqi Conflict
89%
1948- Israel-Palestine Conflict
86%
2014- Russo-Ukrainian War
85%
1978- Afghan Conflict
84%
1918- Kurdish Separatism in Iran
81%
2008- Sudanese Nomadic Conflicts
80%
2023- Sudan War
80%
1950- Korean Conflict
73%
1991- Somali Civil War
73%
2014- Yemeni Civil War
73%
2006- Mexican Drug War
69%
2011- Libyan Crisis
68%
2013- Insurgency in Egypt
66%
2018- Ethiopian Civil Conflict
64%
1948- Internal Conflict in Myanmar
63%
2012- Central African Republic Civil War
62%
1998- Communal Conflicts in Nigeria
62%
2011- Nigerian Bandit Conflict
62%
1978- Turkish-Kurdish Conflict
60%
1964- Colombian Conflict
57%
2020- FRG9 Insurgency in Haiti
51%
2016- Insurgency in Northern Chad
51%
2004- South Thailand Insurgency
40%
2006- Conflict in the Brazil Favelas
38%
1980- Internal Conflict in Peru
38%
1969- Civil Conflict in the Philippines
32%
2016- Philippine Drug War
32%
2018- Bangladesh Drug War
27%
1999- Internal Conflict in Bangladesh
27%
2005- Insurgency in Paraguay
26%
1943- Jamaican Political Conflict
26%
1947- Indo-Pakistani Wars
25%
1988- Nagorno-Karabakh Conflict
23%
1960- Papua Conflict
23%
1970- Western Sahara Conflict
23%
2002- Insurgency in the Maghreb
14%
2009- Boko Haram Insurgency
12%
1975- Cabinda War
12%
2017- Anglophone Crisis
9%
2004- Kivu Conflict
9%
1948- Insurgency in Balochistan
8%
2023- Las Anod Conflict
8%
2011- Sinai Insurgency
8%
2017- Insurgency in Cabo Delgado
7%
1999- Ituri Conflict
5%
1982- Casamance Conflict
4%
1987- Lord's Resistance Army Insurgency
4%
1954- Insurgency in North-East India
3%
1967- Naxalite-Maoist Conflict
3%
1996- Allied Democratic Forces Insurgency
2%
2003- Conflict in the Niger Delta
2%
2017- Islamic State Insurgency in North Caucasus
2%
2004- Insurgency in Khyber Pakhtunkhwa
1%
1962- Insurgency in Katanga
0%
2022- Salvadoran Gang Crackdown
0%
No matching quizzes found
Score Distribution
Percent of People with Each Score
Percentile by Number Answered
Your Score History
You have not taken this quiz